Sanat "Marraskuu" - Ibe - Statistics

Yleistilastot
  • Tätä visaa on pelattu 171 kertaa
  • Keskiarvotulos 107 / 204
Vastaustilastot
Vastaus % Oikein
99%
Marraskuu
97%
haluan
81%
Ei
80%
ei
80%
suhun
80%
tarrautuu
79%
laatta
76%
missä
75%
taksin
75%
kantautuu
73%
löyhkää
73%
71%
sen
71%
eilisillan
69%
Ku
69%
ku
69%
sinne
69%
Takapenkille
69%
haju
66%
löytää
66%
rakkautta
66%
saattaa
65%
Palaten
63%
mistä
62%
kuoleman
60%
kaksin
58%
Mikä
58%
tää
57%
se
56%
jos
55%
Jos
55%
on
55%
On
55%
lienee
52%
Ja
51%
ja
51%
mielleyhtymä
51%
sun
51%
vie
50%
musta
49%
tavoittaa
49%
että
48%
taas
47%
johdu
46%
susta
46%
tietää
46%
hyvä
45%
joskus
45%
liikaa
45%
takaraivoni
44%
alkaa
42%
sumenee
42%
aivoni
41%
lyhtyä
41%
silmissä
41%
tielle
41%
Tule
41%
näyttämään
40%
Tämä
40%
me
39%
siitä
39%
kohtaa
38%
Tässä
38%
kalenteria
37%
varoittaa
37%
alamaihin
36%
niin
35%
pää
32%
sanat
31%
tietyömaa
31%
vaikea
31%
eksytään
30%
niinku
29%
jälleen
28%
mun
28%
ulos
28%
Vaikka
28%
viileään
28%
aloittaa
27%
hämärään
27%
jumissa
27%
kipeetä
27%
lattialämmitys
27%
jännitys
26%
järjestyy
26%
kyl
26%
löydetään
26%
luvassa
26%
Matalapainetta
26%
oot
26%
suustani
26%
tekee
26%
elämän
25%
Kaiva
25%
mua
25%
syyn
25%
ymmärrän
25%
liekki
24%
tiedän
24%
toimisi
24%
kyllä
23%
poissa
22%
tuntuu
22%
sammunut
21%
yhdes
21%
ehkä
20%
hukassa
20%
rytmi
20%
20%
katkennut
18%
kuvassa
18%
etsitään
17%
Harmaasävyjä
16%
Ehtoja vastaavia visoja ei löytynyt
Tulosjakauma
Jokaisen tuloksen saaneiden osuus
Persentiili vastausten määrän mukaan
Tuloshistoriasi
Et ole pelannut tätä visaa